Optoelectronics (Record no. 241256)

MARC details
000 -LEADER
fixed length control field 00605nam a22001937a 4500
005 - DATE AND TIME OF LATEST TRANSACTION
control field 20260416095502.0
008 - FIXED-LENGTH DATA ELEMENTS--GENERAL INFORMATION
fixed length control field 260416b |||||||| |||| 00| 0 eng d
020 ## - INTERNATIONAL STANDARD BOOK NUMBER
International Standard Book Number 9789332902626
040 ## - CATALOGING SOURCE
Transcribing agency AL
041 ## - LANGUAGE CODE
Language code of text/sound track or separate title English
082 ## - DEWEY DECIMAL CLASSIFICATION NUMBER
Classification number 621.380414
Item number SINO
100 ## - MAIN ENTRY--PERSONAL NAME
Personal name Jasprit Singh
100 ## - MAIN ENTRY--PERSONAL NAME
9 (RLIN) 261755
245 ## - TITLE STATEMENT
Title Optoelectronics
Remainder of title : An Introduction to materials and devices
260 ## - PUBLICATION, DISTRIBUTION, ETC.
Place of publication, distribution, etc. New Delhi
Name of publisher, distributor, etc. McGraw Hill education private limited
Date of publication, distribution, etc. 2016
300 ## - PHYSICAL DESCRIPTION
Extent xxxiii,537 p.
Other physical details PB
Dimensions 23x17 cm.
365 ## - TRADE PRICE
Price type code VBI-2645
Price amount ₹821.25
Currency code
Unit of pricing ₹1095.00
Price note 25%
Price effective from 20-02-2026
650 ## - SUBJECT ADDED ENTRY--TOPICAL TERM
Topical term or geographic name entry element Laser diode
9 (RLIN) 261756
942 ## - ADDED ENTRY ELEMENTS (KOHA)
Source of classification or shelving scheme Dewey Decimal Classification
Koha item type Book
Holdings
Withdrawn status Lost status Source of classification or shelving scheme Damaged status Not for loan Collection code Home library Current library Date acquired Source of acquisition Cost, normal purchase price Total Checkouts Full call number Barcode Date last seen Cost, replacement price Price effective from Koha item type
    Dewey Decimal Classification     Electronics and Communication Engineering St Aloysius Engineering Library St Aloysius Engineering Library 04/09/2026 Vidyathri Books, Bengaluru-560076 821.25   621.380414 SINO SE000487 04/16/2026 1095.00 02/20/2026 Book